000 01319nam a2200229Ia 4500
003 Ost
005 20260507075130.0
008 260507s9999||||xx |||||||||||||| ||und||
020 _a2046339957
040 _cfsecg
041 _aara
082 _a330
100 _aخلف، فليح حسن
_eمؤلف
245 0 _aإقتصاديات الوطن العربي /
_c فليح حسن خلف
260 _aعمان:
_bمؤسسة الوراق للنشر والتوزيع,
_c2004
300 _a360 صفحة؛
_bإيضاحات ؛
_c25 سم
520 _aإقتصاديات الوطن العربي- الموارد البشرية- الموارد الإقتصادية الأخرى- الدخل والانتاج القومي وتطوره- الصناعة الإستراتيجية العربية- الزراعة في الوطن العربي- الصناعة التحويلية في الوطن العربي- التجارة الخارجية العربية- مسيرة التكامل الإقتصادي العربية- معوقات التنمية والتكامل الإقتصادي العربي- أفاق التنمية والتكامل الإقتصادي العربي.
653 _aإقتصاديات الوطن العربي
653 _aالإقتصاد
653 _aالتنمية الإقتصادية
942 _cكتاب
999 _c43202
_d43202